| 000 | 01205cam a2200313Ii 4500 | ||
|---|---|---|---|
| 999 |
_c9660 _d9660 |
||
| 001 | 2623392 | ||
| 003 | OCoLC | ||
| 005 | 20210120162510.0 | ||
| 008 | 761215s1962 miu b 001 0 eng d | ||
| 020 | _a0801076102 | ||
| 020 | _a9780801076107 | ||
| 035 | _a(OCoLC)2623392 | ||
| 040 |
_aIAI _beng _cIAI _dOCLCQ _dSGB _dCIRBC |
||
| 050 | 4 |
_aBT1106 _b.R25 1962 |
|
| 082 | 0 | 4 |
_a201 _bR146v 1973 |
| 092 | 0 |
_a239 _bR174v |
|
| 100 | 1 |
_aRamm, Bernard L., _d1916- |
|
| 245 | 1 | 0 |
_aVarieties of Christian apologetics / _cBernard Ramm. |
| 250 | _a[Rev. ed.]. | ||
| 260 |
_aGrand Rapids : _bBaker Book House, _c1962. |
||
| 300 |
_a199 p. ; _c22 cm. |
||
| 490 | 0 | _aTwin Brooks series | |
| 500 | _aA revision of Types of apologetic systems. | ||
| 504 | _aIncludes bibliographical references and index. | ||
| 505 | 0 | _aBrief introduction to Christian apologetics -- Systems stressing subjective immediacy. Blaise Pascal -- Soren Kierkegaard -- Emil Brunner -- Systems stressing natural theology. Thomas Aquinas -- Joseph Butler -- F.R. Tennant -- Systems stressing revelation. Augustine -- John Calvin -- Abraham Kuyper. | |
| 650 | 0 |
_aApologetics _xHistory. |
|
| 650 | 0 |
_aReligion _xPhilosophy. |
|
| 942 |
_2ddc _cBK |
||